Pricing drainage and external works (Record no. 92710)

MARC details
000 -LEADER
fixed length control field 00530cam a2200205 4500
001 - CONTROL NUMBER
control field D5436
008 - FIXED-LENGTH DATA ELEMENTS--GENERAL INFORMATION
fixed length control field 090401t1984 xxu||||| |||| 00| 0 eng d
035 ## - SYSTEM CONTROL NUMBER
System control number (Sirsi) u50462
041 ## - LANGUAGE CODE
Language code of text/sound track or separate title eng
050 ## - LIBRARY OF CONGRESS CALL NUMBER
Classification number 692.5
100 ## - MAIN ENTRY--PERSONAL NAME
Personal name Harrison, R.S.
245 ## - TITLE STATEMENT
Title Pricing drainage and external works
260 ## - PUBLICATION, DISTRIBUTION, ETC.
Place of publication, distribution, etc. Ascot, Berks
Name of publisher, distributor, etc. Chartered Institute of Building
Date of publication, distribution, etc. 1984
300 ## - PHYSICAL DESCRIPTION
Extent 4p. 30cm
350 ## - PRICE (NR) (BK AM CF MU VM SE) [OBSOLETE]
Price 0
490 ## - SERIES STATEMENT
Series statement Technical Information Service
-- Estimating
Volume/sequential designation 37
520 ## - SUMMARY, ETC.
Summary, etc. Caption title
942 ## - ADDED ENTRY ELEMENTS (KOHA)
Suppress in OPAC 0
948 ## - LOCAL PROCESSING INFORMATION (OCLC); SERIES PART DESIGNATOR (RLIN)
c (OCLC) 04/03/1997
Holdings
Withdrawn status Lost status Source of classification or shelving scheme Damaged status Not for loan Home library Current library Shelving location Date acquired Total Checkouts Full call number Barcode Date last seen Date last checked out Copy number Price effective from Koha item type
    Other/Generic Classification Scheme     London London Boxed set 07/12/1992 1 BOXED SET 30030996 06/08/2019 10/08/2001 1 06/08/2019 Book